<?xml version="1.0" encoding="UTF-8"?>
<record
    xmlns:xsi="http://www.w3.org/2001/XMLSchema-instance"
    xsi:schemaLocation="http://www.loc.gov/MARC21/slim http://www.loc.gov/standards/marcxml/schema/MARC21slim.xsd"
    xmlns="http://www.loc.gov/MARC21/slim">

  <leader>00898nam a22002657a 4500</leader>
  <controlfield tag="003">UA-OsUOA</controlfield>
  <controlfield tag="001"> 131277 </controlfield>
  <controlfield tag="007">ta</controlfield>
  <controlfield tag="008">20180529b un ||||| |||| 00| 0 ukr d</controlfield>
  <datafield tag="090" ind1=" " ind2=" ">
    <subfield code="a">61</subfield>
    <subfield code="b">&#x41F;27</subfield>
  </datafield>
  <datafield tag="942" ind1=" " ind2=" ">
    <subfield code="c">MG</subfield>
  </datafield>
  <datafield tag="040" ind1=" " ind2=" ">
    <subfield code="a">UA-OsUOA</subfield>
    <subfield code="b">ukr</subfield>
    <subfield code="c">UA-OsUOA</subfield>
    <subfield code="d">UA-OsUOA</subfield>
  </datafield>
  <datafield tag="245" ind1=" " ind2=" ">
    <subfield code="a">&#x41F;&#x435;&#x440;&#x438;&#x43D;&#x430;&#x442;&#x43E;&#x43B;&#x43E;&#x433;&#x456;&#x44F; &#x456; &#x41F;&#x435;&#x434;&#x456;&#x430;&#x442;&#x440;&#x456;&#x44F;.</subfield>
    <subfield code="b">&#x41D;&#x430;&#x446;&#x456;&#x43E;&#x43D;&#x430;&#x43B;&#x44C;&#x43D;&#x430; &#x430;&#x43A;&#x430;&#x434;&#x435;&#x43C;&#x456;&#x44F; &#x43C;&#x435;&#x434;&#x438;&#x447;&#x43D;&#x438;&#x445; &#x43D;&#x430;&#x443;&#x43A; &#x423;&#x43A;&#x440;&#x430;&#x457;&#x43D;&#x438; &#x414;&#x435;&#x440;&#x436;&#x430;&#x432;&#x43D;&#x430; &#x443;&#x441;&#x442;&#x430;&#x43D;&#x43E;&#x432;&#x430; "&#x406;&#x43D;&#x441;&#x442;&#x438;&#x442;&#x443;&#x442;&#x43F;&#x435;&#x434;&#x456;&#x430;&#x442;&#x440;&#x456;&#x457;, &#x430;&#x43A;&#x443;&#x448;&#x435;&#x440;&#x441;&#x442;&#x432;&#x430; &#x456; &#x433;&#x456;&#x43D;&#x435;&#x43A;&#x43E;&#x43B;&#x43E;&#x433;&#x456;&#x457; &#x41D;&#x410;&#x41C;&#x41D; &#x423;&#x43A;&#x440;&#x430;&#x457;&#x43D;&#x438;</subfield>
    <subfield code="c">&#x413;&#x43E;&#x43B;. &#x440;&#x435;&#x434;. &#x414;&#x430;&#x432;&#x438;&#x434;&#x43E;&#x432;&#x430; &#x42E;. &#x412;.</subfield>
  </datafield>
  <datafield tag="300" ind1=" " ind2=" ">
    <subfield code="a">140 &#x441;.</subfield>
  </datafield>
  <datafield tag="955" ind1=" " ind2=" ">
    <subfield code="a">1</subfield>
  </datafield>
  <datafield tag="041" ind1=" " ind2=" ">
    <subfield code="a">ukr</subfield>
  </datafield>
  <datafield tag="080" ind1=" " ind2=" ">
    <subfield code="a">61</subfield>
  </datafield>
  <datafield tag="022" ind1=" " ind2=" ">
    <subfield code="a">1992-5891</subfield>
  </datafield>
  <datafield tag="260" ind1=" " ind2=" ">
    <subfield code="a">&#x41A;.</subfield>
  </datafield>
  <datafield tag="246" ind1="3" ind2="1">
    <subfield code="a">&#x41D;&#x430;&#x443;&#x43A;&#x43E;&#x432;&#x43E;-&#x43F;&#x440;&#x430;&#x43A;&#x442;&#x438;&#x447;&#x43D;&#x438;&#x439; &#x436;&#x443;&#x440;&#x43D;&#x430;&#x43B;</subfield>
    <subfield code="n"></subfield>
  </datafield>
  <datafield tag="044" ind1=" " ind2=" ">
    <subfield code="a">UA</subfield>
  </datafield>
  <datafield tag="962" ind1=" " ind2=" ">
    <subfield code="a">1999</subfield>
  </datafield>
  <datafield tag="099" ind1=" " ind2=" ">
    <subfield code="a">22811</subfield>
  </datafield>
  <datafield tag="650" ind1=" " ind2="7">
    <subfield code="a">61 &#x41C;&#x435;&#x434;&#x438;&#x447;&#x43D;&#x456; &#x43D;&#x430;&#x443;&#x43A;&#x438;</subfield>
    <subfield code="2">UDC</subfield>
  </datafield>
  <datafield tag="999" ind1=" " ind2=" ">
    <subfield code="c">409134</subfield>
    <subfield code="d">409134</subfield>
  </datafield>
</record>
